000 00272nam a2200109Ia 4500
999 _c8748
_d8748
020 _a1-86152-089-1
100 _aRory MacLellan
245 0 _aTourism In Scotland 9Tourism & Hospitality Management Series
260 _aNew york
_bPrentice
_c2001
300 _a457
942 _cBK